The proper object of non-doxastic religion: why traditional religion should be preferred over Schellenberg's simple ultimism
Taking for granted the view that belief-less, non-doxastic', engagement with religion is possible, this article discusses the proper object of such religiosity. Its focus is the claim of J. L. Schellenberg that non-doxastic religion should be directed at 'simple ultimism'. I argue th...
| Main Author: | |
|---|---|
| Format: | Electronic Article |
| Language: | English |
| Check availability: | HBZ Gateway |
| Interlibrary Loan: | Interlibrary Loan for the Fachinformationsdienste (Specialized Information Services in Germany) |
| Published: |
[2019]
|
| In: |
Religious studies
Year: 2019, Volume: 55, Issue: 4, Pages: 559-574 |
| Standardized Subjects / Keyword chains: | B
Schellenberg, J. L. 1959-
/ Utilitarianism
/ Religion
/ Unbelief
/ Religious experience
|
| RelBib Classification: | AB Philosophy of religion; criticism of religion; atheism |
| Online Access: |
Volltext (Publisher) Volltext (doi) |
MARC
| LEADER | 00000caa a22000002c 4500 | ||
|---|---|---|---|
| 001 | 168608448X | ||
| 003 | DE-627 | ||
| 005 | 20200805172517.0 | ||
| 007 | cr uuu---uuuuu | ||
| 008 | 191219s2019 xx |||||o 00| ||eng c | ||
| 024 | 7 | |a 10.1017/S003441251800029X |2 doi | |
| 035 | |a (DE-627)168608448X | ||
| 035 | |a (DE-599)KXP168608448X | ||
| 040 | |a DE-627 |b ger |c DE-627 |e rda | ||
| 041 | |a eng | ||
| 084 | |a 0 |2 ssgn | ||
| 100 | 1 | |e VerfasserIn |0 (DE-588)1192718194 |0 (DE-627)167122356X |4 aut |a Palmqvist, Carl-Johan | |
| 109 | |a Palmqvist, Carl-Johan | ||
| 245 | 1 | 4 | |a The proper object of non-doxastic religion |b why traditional religion should be preferred over Schellenberg's simple ultimism |c Carl-Johan Palmqvist |
| 264 | 1 | |c [2019] | |
| 336 | |a Text |b txt |2 rdacontent | ||
| 337 | |a Computermedien |b c |2 rdamedia | ||
| 338 | |a Online-Ressource |b cr |2 rdacarrier | ||
| 520 | |a Taking for granted the view that belief-less, non-doxastic', engagement with religion is possible, this article discusses the proper object of such religiosity. Its focus is the claim of J. L. Schellenberg that non-doxastic religion should be directed at 'simple ultimism'. I argue that simple ultimism' is too abstract to allow for alignment with religious reality. Traditional religion is a better choice since it commonly contains religious experience. As long as the veridicality of such experience remains an epistemic possibility, it should guide our non-doxastic commitment. Objections commonly raised against reliance on religious experience become irrelevant on a non-doxastic approach. | ||
| 652 | |a AB | ||
| 689 | 0 | 0 | |d p |0 (DE-588)17358246X |0 (DE-627)698493044 |0 (DE-576)171507533 |2 gnd |a Schellenberg, J. L. |d 1959- |
| 689 | 0 | 1 | |d s |0 (DE-588)4137512-9 |0 (DE-627)105649481 |0 (DE-576)209678232 |2 gnd |a Utilitarismus |
| 689 | 0 | 2 | |d s |0 (DE-588)4049396-9 |0 (DE-627)106187155 |0 (DE-576)209081880 |2 gnd |a Religion |
| 689 | 0 | 3 | |d s |0 (DE-588)4186882-1 |0 (DE-627)105276294 |0 (DE-576)210042141 |2 gnd |a Unglaube |
| 689 | 0 | 4 | |d s |0 (DE-588)4076649-4 |0 (DE-627)106082450 |0 (DE-576)209202467 |2 gnd |a Religiöse Erfahrung |
| 689 | 0 | |5 (DE-627) | |
| 773 | 0 | 8 | |i Enthalten in |t Religious studies |d Cambridge [u.a.] : Cambridge Univ. Press, 1965 |g 55(2019), 4, Seite 559-574 |h Online-Ressource |w (DE-627)265785405 |w (DE-600)1466479-3 |w (DE-576)079718671 |x 1469-901X |7 nnas |
| 773 | 1 | 8 | |g volume:55 |g year:2019 |g number:4 |g pages:559-574 |
| 856 | 4 | 0 | |u https://www.cambridge.org/core/journals/religious-studies/article/proper-object-of-nondoxastic-religion-why-traditional-religion-should-be-preferred-over-schellenbergs-simple-ultimism/C96731EC3DF29D23CA56417993B77D7C |x Verlag |3 Volltext |7 1 |
| 856 | |u https://doi.org/10.1017/S003441251800029X |x doi |3 Volltext | ||
| 951 | |a AR | ||
| ELC | |a 1 | ||
| ITA | |a 1 |t 1 | ||
| LOK | |0 000 xxxxxcx a22 zn 4500 | ||
| LOK | |0 001 3567199609 | ||
| LOK | |0 003 DE-627 | ||
| LOK | |0 004 168608448X | ||
| LOK | |0 005 20200805172517 | ||
| LOK | |0 008 191219||||||||||||||||ger||||||| | ||
| LOK | |0 040 |a DE-Tue135 |c DE-627 |d DE-Tue135 | ||
| LOK | |0 092 |o n | ||
| LOK | |0 852 |a DE-Tue135 | ||
| LOK | |0 852 1 |9 00 | ||
| LOK | |0 935 |a ixzs |a ixzo | ||
| LOK | |0 936ln |0 1442042990 |a AB | ||
| LOK | |0 939 |a 19-12-19 |b l01 | ||
| ORI | |a SA-MARC-ixtheoa001.raw | ||
| REL | |a 1 | ||
| STA | 0 | 0 | |a Religion,Religions,Religion,Religion in literature,Religious experience,Unbelief,Unbelief,Utilitarianism |
| STB | 0 | 0 | |a Expérience religieuse,Incroyance,Incroyance,Religion,Religions,Religion,Utilitarisme |
| STC | 0 | 0 | |a Ateísmo,Ateísmo,Experiencia religiosa,Religión,Religión,Religión,Utilitarismo |
| STD | 0 | 0 | |a Esperienza religiosa,Non credenza <motivo>,Non credenza,Noncredenza,Noncredenza,Noncredenza (motivo),Noncredenza,Religione,Religione,Religione,Utilitarismo |
| STE | 0 | 0 | |a 不信者,不信者,宗教,宗教,宗教经验,宗教经历,效益主义,实利主义,功利主义 |
| STF | 0 | 0 | |a 不信者,不信者,宗教,宗教,宗教經驗,宗教經歷,效益主義,實利主義,功利主義 |
| STG | 0 | 0 | |a Ateísmo,Ateísmo,Experiência religiosa,Religião,Religião,Utilitarismo |
| STH | 0 | 0 | |a Неверие (мотив),Неверие,Религиозный опыт,Религия (мотив),Религия,Утилитаризм |
| STI | 0 | 0 | |a Έλλειψη πίστης <μοτίβο>,Έλλειψη πίστης,Απουσία πίστης,Απουσία πίστης (μοτίβο),Θρησκεία (μοτίβο),Θρησκεία,Θρησκευτική εμπειρία,Ωφελιμισμός |
| SUB | |a REL | ||
| SYG | 0 | 0 | |a Schellenberg, John,1959-,Schellenberg, John L.,1959-,Schellenberg, J.L.,1959- , Utilitaristische Ethik , Religion,Mystik,Mythologie |



